000 04607nam a2200241 a 4500
001 SSB002730
003 PILC
005 20150806083250.0
008
020 _a9789812533593
050 0 0 _aHF 5679
_b.Si45 2013
100 _aSimkin, Mark G.
245 1 0 _aAccounting information systems /
_cMark G. Simkin, Jacob M. Rose, Carolyn Strand Norman.
250 _a12th edition.
260 _aSingapore :
_bJohn Wiley & Sons,
_c2013.
300 _axii, 464 pages : :
_billustrations ;
_c25 cm.
500 _aIncludes index.
650 0 _aInformation storage and retrieval systems
_xAccounting.
650 0 _aAccounting
_xData processing.
700 _aNorman, Carolyn Strand.
700 _aRose, Jacob M.
942 _2lcc
_cBK
_kFOR
999 _c288359
_d288359